| 000 | 00944nam a2200301Ia 4500 | ||
|---|---|---|---|
| 001 | Z_5160 | ||
| 003 | CHAP | ||
| 008 | 220113s2004 xx 000 0 und d | ||
| 010 | _a168220 | ||
| 040 | _cCHAP | ||
| 090 | _aTesis P 1815 | ||
| 100 |
_aPonce Candelario, Ismael _990774 |
||
| 245 |
_aEngorda intensiva de corderos con cascarilla de soya en sustitución de sorgo / _cpor Ismael Ponce Candelario y Claudia Yanet Wilson García |
||
| 260 |
_aChapingo, Méx. : _bEl autor, _c2004 |
||
| 300 | _a65 h. | ||
| 440 | _a | ||
| 502 | _aTesis (Ing. Agr. Esp. en Zootecnia) -- UACH. Departamento de Zootecnia | ||
| 503 | _a | ||
| 650 |
_aAlimentos y alimentación del ganado I. Z. II. t. III. Wilson García, Claudia Yanet _9142492 |
||
| 650 |
_aGanado lanar _xEngorda _945175 |
||
| 650 |
_aSoya _xSubproductos _9109091 |
||
| 901 | _aTesis P 1815 | ||
| 902 | _aA | ||
| 910 | _a2004 | ||
| 942 | _c2 | ||
| 942 | _c2 | ||
| 999 |
_c168220 _d168220 |
||